Football - Ont-ils une Coupe du Monde ? (Mort subite) - Statistiques

Statistiques générales
  • Ce quiz a été pris 287 fois
    270 depuis la dernière actualisation
  • Le résultat moyen est 9 sur 14
Answers on the Grid
Answers color-coded by a green-red scale on the quiz's grid according to % correct below.
Lionel Messi
Cristiano Ronaldo
Kylian Mbappe
Neymar
Toni Kroos
Luka Modric
Andres Iniesta
Anyme023
Pelé
Paulo Maldini
Didier Deschamps
Gonzalo Higuain
Manuel Neuer
Rodri
Sergio Ramos
Frank Ribery
Ronaldo Nazario
Gabriel Batistuta
Sir Bobby Charlton
Johan Cruyff
Zinedine Zidane
Luis Suarez
Gerd Müller
Wayne Rooney
Fabio Cannavaro
Zlatan Ibrahimovic
Diego Maradona
Robert Lewandowski
 
Statistiques - réponses
Réponse % Correct
Kylian Mbappe
78%
Zinedine Zidane
77%
Lionel Messi
76%
Pelé
74%
Didier Deschamps
73%
Andres Iniesta
71%
Sergio Ramos
70%
Manuel Neuer
68%
Diego Maradona
67%
Toni Kroos
64%
Fabio Cannavaro
63%
Ronaldo Nazario
63%
Gerd Müller
55%
Sir Bobby Charlton
42%
Aucun quiz correspondant
Distribution des résultats
% des personnes avec chaque résultat
Percentile par nombre de réponses
Votre historique - résultats
Vous n’avez pas pris ce quiz depuis la dernière actualisation